On-line metody: mapování teritoria a jejich správné využití
Online je v posledných rokoch stále používanejšou metódou výskumu trhu a verejnej mienky. Podľa celosvetovej štúdie ESOMAR sa online metódy podieľali na celkovom obrate výskumu 24 percentami, ak pripočítame aj automatizované metódy, je to až 33 percent. Napr. v Japonsku je až 46 percent výskumného o...
Salvato in:
| Autore principale: | |
|---|---|
| Natura: | Capitolo di libro |
| Lingua: | ceco |
| Soggetti: | |
| Tags: |
Nessun Tag, puoi essere il primo ad aggiungerne!!
|
MARC
| LEADER | 00000naa a2200000 4500 | ||
|---|---|---|---|
| 001 | 0196442 | ||
| 005 | 20231115070533.3 | ||
| 041 | 0 | |a cze | |
| 044 | |a CZ | ||
| 245 | 1 | 0 | |a On-line metody: mapování teritoria a jejich správné využití |c Hana Huntová |
| 520 | |a Online je v posledných rokoch stále používanejšou metódou výskumu trhu a verejnej mienky. Podľa celosvetovej štúdie ESOMAR sa online metódy podieľali na celkovom obrate výskumu 24 percentami, ak pripočítame aj automatizované metódy, je to až 33 percent. Napr. v Japonsku je až 46 percent výskumného obratu realizovaného online. Úskalia používania online výskumu. | ||
| 610 | 2 | 0 | |a výskum marketingový |
| 610 | 2 | 0 | |a metódy výskumu |
| 610 | 2 | 0 | |a internet |
| 100 | 1 | |a Huntová, Hana | |